| 000 | 00770nam a2200241 a 4500 | ||
|---|---|---|---|
| 005 | 20230902063601.0 | ||
| 008 | 131119s2010 mx r 000 0 spa d | ||
| 020 | _a9789582010317 | ||
| 035 | _aUPN01000194105 | ||
| 049 | _aCG | ||
| 050 | 4 |
_aLB3032 _bP3.2 |
|
| 100 | 1 |
_aPerrenoud, Philippe, _d1944- _930781 |
|
| 245 | 1 | 4 |
_aLos ciclos de aprendizaje : _bun camino para combatir el fracaso escolar / _cPhilippe Perrenoud ; tr. Juan Duque. |
| 260 |
_aBogotá : _bMagisterio, _c2010. |
||
| 300 | _a174 p. | ||
| 440 | 0 |
_aMesa redonda ; _v101 |
|
| 534 |
_pTítulo original: _tLes cycles d´apprentíssage |
||
| 650 | 4 |
_aHORARIOS ESCOLARES _922697 |
|
| 650 | 4 |
_aEnseñanza individualizada _96835 |
|
| 650 | 4 |
_aFracaso escolar _94966 |
|
| 905 | _aLibro | ||
| 999 |
_c166206 _d166206 |
||